000 00618nam a2200253Ia 4500
005 20260121155333.0
008 008 260114s9999 xx 000 0 eng d
020 _a9781315716350
037 _aEBOOK
040 _aCRL
040 _beng
040 _cCRL
041 _2eng
041 _aeng
084 _qCRL
100 _a Andrew Lynch
_91018282
245 4 _aThe Routledge Handbook of Spanish in the Global City
260 _bTaylor and Francis
260 _c2020
856 _uhttp://www.taylorfrancis.com/books/9781315716350
942 _cEBOOK
999 _c1585101
_d1585101